| 000 | 00811nam a22002897a 4500 | ||
|---|---|---|---|
| 001 | BR7503699 | ||
| 003 | BR-BrBNA | ||
| 005 | 20230928084823.0 | ||
| 007 | ta | ||
| 008 | 230509b bl.||||| |||| 00| 0 por d | ||
| 040 |
_aBR-BrBNA _bpor _cBiblioteca Nacional de Agricultura |
||
| 041 | _a(Por) | ||
| 072 |
_aH50; E15 _b2120 _b4230 |
||
| 090 | _ 2120 BR7503699 | ||
| 110 | 1 |
_aMinisterio da Industria e do Comercio, Brasilia, DF (Brasil) _97037 |
|
| 245 | 1 | _aPlano de Emergencia para Recuperacao dos Cafezais Geados; Medidas complementares | |
| 260 | 3 |
_aBrasilia, DF (Brasil): _c1975. |
|
| 300 | _a54 p. | ||
| 500 | _a7 tables | ||
| 650 | _aCAFE | ||
| 650 | _aGEADA | ||
| 650 | _aPRODUTIVIDADE | ||
| 650 | _aFINANCIAMENTO | ||
| 650 | _aCUSTO | ||
| 909 |
_a202309 _bLucia _c55 _dLucia Elande |
||
| 942 | _cBK | ||
| 999 |
_c21279 _d21279 |
||